Que nada se sabe
محفوظ في:
| المؤلف الرئيسي: | |
|---|---|
| التنسيق: | كتاب |
| اللغة: | الإسبانية |
| منشور في: |
Buenos Aires
Emecé
1944
|
| سلاسل: | Clásicos Emecé, 8
|
| الموضوعات: | |
| الوسوم: |
إضافة وسم
لا توجد وسوم, كن أول من يضع وسما على هذه التسجيلة!
|
MARC
| LEADER | 00000nam a2200000 a 4500 | ||
|---|---|---|---|
| 001 | UCU0747 | ||
| 003 | CL-VaPUC | ||
| 008 | 960329e19440000AG |||||||||||||||||spa|d | ||
| 082 | 0 | 4 | |a 196.9 |b SAN |2 21 |
| 100 | 0 | |a Sánchez, Francisco |e author |9 356155 | |
| 245 | 1 | 0 | |a Que nada se sabe |
| 300 | |a 206 p | ||
| 942 | |c BK | ||
| 945 | |d 19960329 00:00:00 |a rbrito | ||
| 260 | |a Buenos Aires |b Emecé |c 1944 | ||
| 650 | 7 | |a FILOSOFIA PORTUGUESA |2 CL-VaPUC |9 356156 | |
| 650 | 0 | |a Escolástica |9 345541 | |
| 650 | 0 | |a Alma |9 259008 | |
| 650 | 0 | |a Metafísica |9 265649 | |
| 650 | 0 | |a Juicios |9 327339 | |
| 650 | 7 | |a CONOCIMIENTO |2 CL-VaPUC |9 308991 | |
| 650 | 0 | |a Verdad |9 313815 | |
| 583 | |a last modification |c 19960329 00:00:00 |k Rodrigo Vera | ||
| 490 | 0 | |a Clásicos Emecé, 8 | |
| 999 | |c 245559 |d 245557 | ||
| 952 | |0 0 |1 0 |4 0 |6 196_900000000000000_SAN_1944 |7 0 |8 A |9 260100 |a BIBEDU |b BIBEDU |d 2019-11-19 |i 3184900 |o 196.9 SAN 1944 |p 3184900 |r 2019-11-19 |w 2019-11-19 |y BK |k LIT | ||